000 00351 a2200169 4500
001 192483
020 _a978-85-7319-545-3
040 _cMagnum
100 _aFrança, Mary
240 1 0 _aOs atletas
_lpor
245 1 0 _aOs atletas
300 _a24
362 0 _a2007
440 1 _aEditora Dimensão
697 _aLITERATURA INFANTIL
942 _cBK
999 _c192483
_d192483